| 000 | 00633nam a22002897a 4500 | ||
|---|---|---|---|
| 005 | 20240514163151.0 | ||
| 008 | 180514b xxu||||| |||| 00| 0 spa d | ||
| 020 | _a9789584500809 | ||
| 041 | _aESP | ||
| 082 | _a745.54 L979e | ||
| 100 | _aLuza, Marcela | ||
| 245 | _aEnvoltorios | ||
| 260 | _aColombia | ||
| 260 | _bGrupo Editorial Norma | ||
| 260 | _c2007 | ||
| 300 | _a112 páginas | ||
| 650 | _aMANUALIDADES | ||
| 650 | _aCAJAS | ||
| 650 | _aBOLSAS | ||
| 650 | _aENVOLTORIOS | ||
| 650 | _aTARJETAS | ||
| 650 | _aMOÑOS | ||
| 650 | _aETIQUETAS | ||
| 650 | _aMOLDES | ||
| 942 |
_cBK _2ddc |
||
| 999 |
_c10628 _d10628 |
||